Stati che terminano con la A - Statistics

Statistiche generali
  • Questo quiz è stato fatto 232 volte
  • Il punteggio medio è 82 su 92
Statistiche sulle risposte
Superficie (km²) Popolazione (ab.) Stato % Corretto
302 073 58 833 079 Italia
99%
2 780 400 46 076 915 Argentina
98%
7 692 024 25 750 198 Australia
98%
9 596 961 1 454 670 934 Cina
98%
675 417 65 554 051 Francia
98%
17 098 246 146 105 680 Russia
98%
338 425 5 504 522 Finlandia
97%
131 957 10 724 599 Grecia
97%
83 871 8 935 112 Austria
96%
357 114 84 305 448 Germania
96%
103 000 368 010 Islanda
96%
385 207 5 384 576 Norvegia
96%
20 273 2 111 461 Slovenia
96%
505 992 46 789 870 Spagna
96%
447 425 10 373 225 Svezia
96%
111 002 6 951 482 Bulgaria
95%
9 984 670 38 394 354 Canada
95%
1 141 748 54 956 665 Colombia
95%
64 559 1 897 100 Lettonia
95%
65 300 2 794 870 Lituania
95%
238 397 19 917 984 Romania
95%
49 037 5 460 136 Slovacchia
95%
45 227 1 328 976 Estonia
94%
3 287 263 1 418 071 492 India
94%
70 273 4 977 400 Irlanda
94%
28 748 2 845 955 Albania
93%
468 81 543 Andorra
93%
43 094 5 837 213 Danimarca
93%
312 696 37 767 697 Polonia
93%
783 562 86 136 138 Turchia
93%
603 550 43 073 720 Ucraina
93%
78 871 10 699 142 Repubblica Ceca
92%
1 221 037 60 795 769 Sudafrica
92%
163 610 11 708 370 Tunisia
92%
916 445 28 435 943 Venezuela
92%
2 381 741 45 445 640 Algeria
91%
56 594 4 058 165 Croazia
91%
125 000 3 546 000 Eritrea
91%
270 467 5 106 922 Nuova Zelanda
91%
93 028 9 769 526 Ungheria
91%
2 149 000 35 899 478 Arabia Saudita
90%
29 743 2 697 900 Armenia
90%
51 209 3 332 593 Bosnia ed Erzegovina
90%
1 104 300 120 788 173 Etiopia
90%
1 759 540 6 871 287 Libia
90%
316 514 564 Malta
90%
33 846 2 640 438 Moldavia
90%
1 564 110 3 451 402 Mongolia
90%
41 284 8 632 703 Svizzera
90%
207 600 9 408 400 Bielorussia
89%
923 768 221 072 668 Nigeria
89%
88 361 6 926 705 Serbia
89%
1 246 700 31 127 674 Angola
88%
1 908 581 11 633 371 Bolivia
88%
109 884 11 193 470 Cuba
88%
69 700 3 716 858 Georgia
88%
245 857 12 559 623 Guinea
88%
1 904 569 281 654 964 Indonesia
88%
637 657 15 993 209 Somalia
88%
945 087 63 245 243 Tanzania
88%
241 550 48 744 182 Uganda
88%
752 612 17 885 422 Zambia
88%
181 035 15 288 489 Cambogia
87%
513 120 70 140 396 Thailandia
87%
185 180 17 500 657 Siria
86%
11 295 2 335 504 Gambia
85%
238 533 30 267 351 Ghana
85%
89 342 10 829 672 Giordania
85%
214 969 744 962 Guyana
85%
1 030 700 4 173 077 Mauritania
85%
26 338 12 663 116 Ruanda
85%
75 417 4 278 500 Panama
84%
51 100 5 111 238 Costa Rica
83%
10 991 2 734 093 Giamaica
83%
111 369 4 568 298 Liberia
83%
825 615 2 504 498 Namibia
83%
48 671 10 448 499 Repubblica Dominicana
83%
108 889 16 858 333 Guatemala
82%
751 71 808 Dominica
81%
330 803 33 191 122 Malaysia
81%
442 97 895\ Antigua e Barbuda
80%
521 730 2 374 698 Botswana
78%
130 373 6 527 691 Nicaragua
78%
622 984 5 633 412 Repubblica Centrafricana
78%
65 610 21 803 000 Sri Lanka
78%
616 178 696 Saint Lucia
77%
344 112 519 Grenada
76%
580 367 56 178 526 Kenya
76%
462 840 8 935 000 Papua Nuova Guinea
76%
747 100 651 Tonga
75%
2 842 202 506 Samoa
73%
702 104 650 Micronesia
72%
Nessun quiz corrispondente trovato
Distribuzione punteggi
Percentuale di utenti per punteggio
Percentile per numero di risposta
I tuoi punteggi nel tempo
Non hai fatto questo quiz